00604nam a22002057a 450000500170000001000110001702000210002803500110004903700160006004000120007608200160008810000170010424501250012126000350024627000190028130000210030050000200032165000250034165000320036620170124105956.0 a600935 c00.00a057109418 a600935 bCen Lib/Ret aDPLbEN a331.15bBAN aBanks, J. A. aMarxist sociology in action :cby J. A. Banksba sociological critique of the marxist approach to industrial relations / aLondonbFaber and Faber c1970 aLondonbLondon a324p. c21cm(Hb) aIncludes index  aIndustrial relations aMarxian school of sociology